| 000 | 00858cam a2200277 4500 | ||
|---|---|---|---|
| 001 | WB3547-05 | ||
| 008 | 000000n1999 000 0 eng u | ||
| 035 | _a(Sirsi) u102945 | ||
| 245 | _aGood times in Europe | ||
| 260 | _c1999 | ||
| 490 |
_aBuilding _v264 (8114) 26 November 1999, 19(1) |
||
| 520 | _aEuroconstruct estimates that European construction output grew 3% in 1999, 0.5% higher than its June forecast. It has upgraded its forecast for 2000 from 2.1% to 2.4%. Briefly looks at individual countries. Chart. | ||
| 590 | _aWB | ||
| 650 | _aCONSTRUCTION MARKET | ||
| 650 | _aEUROPE | ||
| 650 | _aFORECASTS | ||
| 650 | _aPREDICTIONS | ||
| 650 | _aBRITAIN | ||
| 650 | _aFRANCE | ||
| 650 | _aSPAIN | ||
| 650 | _aGERMANY | ||
| 650 | _aITALY | ||
| 650 | _aEUROCONSTRUCT | ||
| 690 | _aBUILDING AND CONSTRUCTION-ECONOMICS | ||
| 942 | _n0 | ||
| 999 |
_c61851 _d61851 |
||